Advanced management accounting / (Record no. 79678)

MARC details
000 -LEADER
fixed length control field 00738nam a22002177a 4500
005 - DATE AND TIME OF LATEST TRANSACTION
control field 20131023172159.0
010 ## - LCCN (DPL NO)
LC control number B-495559-569
020 ## - INTERNATIONAL STANDARD BOOK NUMBER
International Standard Book Number 9789350513354
Terms of availability 798.00
035 ## - SYSTEM CONTROL NUMBER
System control number B-495559-569
037 ## - SOURCE OF ACQUISITION
Source of stock number/acquisition HPH/Ven
Stock number dpl
082 ## - DEWEY DECIMAL CLASSIFICATION NUMBER
Classification number 658.1511
100 ## - MAIN ENTRY--PERSONAL NAME
Personal name Madegowda, J.
245 ## - TITLE STATEMENT
Title Advanced management accounting /
Statement of responsibility, etc by J. Madegowda
250 ## - EDITION STATEMENT
Edition statement 2nd ed
260 ## - PUBLICATION, DISTRIBUTION, ETC. (IMPRINT)
Place of publication, distribution, etc Mumbai
Name of publisher, distributor, etc Himalaya Publishing House
Date of publication, distribution, etc 2012
270 ## - ADDRESS
Address Ramdoot, Dr. Bhalerao Marg, Girgaon
City Mumbai
Postal code 400004
300 ## - PHYSICAL DESCRIPTION
Extent 953p.
Dimensions 30cm(pbk)
500 ## - GENERAL NOTE
General note includes index and bibliographical references
942 ## - ADDED ENTRY ELEMENTS (KOHA)
Source of classification or shelving scheme Dewey Decimal Classification
Item type English Books
Call number prefix MAD
Classification part 658.1511
Holdings
Withdrawn status Lost status Not for loan Collection code Home library Current library Date acquired Source of acquisition Cost, normal purchase price Full call number Barcode Copy number Cost, replacement price Koha item type
      Non-fiction Central Library Central Library 23/10/2013 HPH/A443510/11.03.2013/170/09.03.2013/15.03.2013 798.00 658.1511 B-495559 1 798.00 English Books
      Non-fiction Central Library Central Library 23/10/2013 HPH/A443510/11.03.2013/170/09.03.2013/15.03.2013 798.00 658.1511 B-495560 1 798.00 English Books
      Non-fiction Janak Puri Janak Puri 23/10/2013 HPH/A443510/11.03.2013/170/09.03.2013/15.03.2013 798.00 658.1511 B-495565 1 798.00 English Books
      Non-fiction Karol Bagh Karol Bagh 23/10/2013 HPH/A443510/11.03.2013/170/09.03.2013/15.03.2013 798.00 658.1511 B-495568 1 798.00 English Books
      Non-fiction Mobile Library Mobile Library 23/10/2013 HPH/A443510/11.03.2013/170/09.03.2013/15.03.2013 798.00 658.1511 B-495561 2 798.00 English Books
      Non-fiction Mobile Library Mobile Library 23/10/2013 HPH/A443510/11.03.2013/170/09.03.2013/15.03.2013 798.00 658.1511 B-495562 2 798.00 English Books
      Non-fiction New Police Line New Police Line 23/10/2013 HPH/A443510/11.03.2013/170/09.03.2013/15.03.2013 798.00 658.1511 B-495563 1 798.00 English Books
      Non-fiction Patel Nagar Patel Nagar 23/10/2013 HPH/A443510/11.03.2013/170/09.03.2013/15.03.2013 798.00 658.1511 B-495564 1 798.00 English Books
      Non-fiction Sarojini Nagar Sarojini Nagar 23/10/2013 HPH/A443510/11.03.2013/170/09.03.2013/15.03.2013 798.00 658.1511 B-495566 1 798.00 English Books
      Non-fiction Shahdara Branch Shahdara Branch 23/10/2013 HPH/A443510/11.03.2013/170/09.03.2013/15.03.2013 798.00 658.1511 B-495569 1 798.00 English Books
      Non-fiction Vinoba Puri Vinoba Puri 23/10/2013 HPH/A443510/11.03.2013/170/09.03.2013/15.03.2013 798.00 658.1511 B-495567 1 798.00 English Books

© Delhi Public Library
Hit Counter
free hit counter